Neukonzeption des Marketing kleiner und mittelgrosser Banken vor dem Hintergrund relevanter Umweltentwicklungen dissertation der Hochschule St. Gallen ...

Salvato in:
Dettagli Bibliografici
Autore principale: Iob, Paolo
Natura: Libro
Lingua:tedesco
Pubblicazione: St. Gallen Die Hochschule St. Gallen 1991
Soggetti:
Tags: Aggiungi Tag
Nessun Tag, puoi essere il primo ad aggiungerne!!

MARC

LEADER 00000nam a2200000 4500
001 c105652
005 20250509100043.0
041 0 |a ger 
044 |a CH 
245 1 0 |a Neukonzeption des Marketing kleiner und mittelgrosser Banken vor dem Hintergrund relevanter Umweltentwicklungen  |b dissertation der Hochschule St. Gallen ...  |c Paolo Iob 
264 1 |a St. Gallen  |b Die Hochschule St. Gallen  |c 1991 
300 |a 399 s. 
610 2 0 |a banky 
610 2 0 |a bankovníctvo 
610 2 0 |a marketing 
610 2 0 |a podnikanie 
610 2 0 |a prostredie ekonomické 
610 2 0 |a koncepcie 
610 2 0 |a výskum ekonomický 
610 2 0 |a koncentrácia 
610 2 0 |a integrácia 
610 2 0 |a ekológia 
610 2 0 |a stratégia marketingová 
610 2 0 |a výskum trhu 
610 2 0 |a segmentácia trhu 
610 2 0 |a diverzifikácia 
610 2 0 |a produkty 
610 2 0 |a reklama 
610 2 0 |a služby bankové 
610 2 0 |a politika obchodná 
610 2 0 |a politika cenová 
610 2 0 |a infraštruktúra 
610 2 0 |a systémy informačné 
610 2 0 |a Švajčiarsko 
100 1 |a Iob, Paolo